Statystyki dla Wszyscy Zwycięzcy Ligi Europy

Kliknij tutaj aby rozwiązać quiz!

Ogólne statystyki

  • Ten quiz został rozwiązany 56 razy
  • Średni wynik to 27 z 52

Statystyki odpowiedzi

PodpowiedźOdpowiedź% Poprawnych
2022/23Sevilla
87%
2015/16Sevilla
87%
2019/20Sevilla
87%
2005/06Sevilla
87%
2006/07Sevilla
87%
2013/14Sevilla
87%
2014/15Sevilla
87%
2016/17Manchester United
81%
2012/13Chelsea
79%
2018/19Chelsea
79%
1984/85Real Madryt
74%
1985/86Real Madryt
74%
2017/18Atlético Madryt
70%
2011/12Atlético Madryt
70%
2009/10Atlético Madryt
70%
1975/76Liverpool
68%
2000/01Liverpool
68%
1972/73Liverpool
68%
1995/96Bayern
66%
1976/77Juventus
62%
1989/90Juventus
62%
1992/93Juventus
62%
1971/72Tottenham
62%
1983/84Tottenham
62%
1990/91Inter
60%
1997/98Inter
60%
1993/94Inter
60%
2020/21Villareal
55%
1988/89Napoli
45%
2010/11Porto
45%
2002/03Porto
45%
2021/22Eintracht Frankfurt
38%
1979/80Eintracht Frankfurt
38%
2003/04Valencia
38%
2007/08Zenit
38%
1973/74Feyenoord
36%
2001/02Feyenoord
36%
1987/88Bayer Leverkusen
32%
2004/05CSKA Moskwa
30%
2008/09Szachtar Donieck
30%
1982/83Anderlecht
28%
1977/78PSV Eindhoven
28%
1996/97Schalke
26%
1978/79Borussia Mönchengladbach
21%
1974/75Borussia Mönchengladbach
21%
1991/92AFC Ajax
19%
1998/99Parma
19%
1994/95Parma
19%
1999/00Galatasaray
17%
1986/87Göteborg
15%
1981/82Göteborg
15%
1980/81Ipswich Town
11%

Rozkład punktacji

Percentyl według liczby udzielonych odpowiedzi

Procent ludzi z każdym wynikiem

Twoja historia wyników

Nie rozwiązałeś tego quizu